| 000 -LEADER |
| fixed length control field |
02435nam a2200397 i 4500 |
| 001 - CONTROL NUMBER |
| control field |
on1457238629 |
| 003 - CONTROL NUMBER IDENTIFIER |
| control field |
OCoLC |
| 005 - DATE AND TIME OF LATEST TRANSACTION |
| control field |
20250910085343.0 |
| 008 - FIXED-LENGTH DATA ELEMENTS--GENERAL INFORMATION |
| fixed length control field |
250404s2025 nyu d 000 1 eng d |
| 020 ## - INTERNATIONAL STANDARD BOOK NUMBER |
| International Standard Book Number |
9780008650629 |
| 040 ## - CATALOGING SOURCE |
| Original cataloging agency |
DLC |
| Language of cataloging |
eng |
| Description conventions |
rda |
| Transcribing agency |
DLC |
| Modifying agency |
OCLCO |
| -- |
IG# |
| -- |
CHILD |
| -- |
OCLCO |
| -- |
FM0 |
| -- |
OCLCO |
| -- |
LJW |
| -- |
OJ4 |
| -- |
OQX |
| -- |
CNCAR |
| -- |
DEERP |
| -- |
VP@ |
| -- |
CaOL |
| -- |
KH8 |
| 082 ## - DEWEY DECIMAL CLASSIFICATION NUMBER |
| Classification number |
FIC CIC |
| 100 1# - MAIN ENTRY--PERSONAL NAME |
| Personal name |
Ciccarelli, Kristen, |
| Relator term |
author. |
| 245 10 - TITLE STATEMENT |
| Title |
Rebel witch / |
| Statement of responsibility, etc. |
Kristen Ciccarelli. |
| 250 ## - EDITION STATEMENT |
| Edition statement |
First edition. |
| 264 #1 - PRODUCTION, PUBLICATION, DISTRIBUTION, MANUFACTURE, AND COPYRIGHT NOTICE |
| Place of production, publication, distribution, manufacture |
New York : |
| Name of producer, publisher, distributor, manufacturer |
Wednesday Books, |
| Date of production, publication, distribution, manufacture, or copyright notice |
2025. |
| 264 #4 - PRODUCTION, PUBLICATION, DISTRIBUTION, MANUFACTURE, AND COPYRIGHT NOTICE |
| Date of production, publication, distribution, manufacture, or copyright notice |
©2025. |
| 300 ## - PHYSICAL DESCRIPTION |
| Extent |
458 pages ; |
| Dimensions |
22 cm. |
| 336 ## - CONTENT TYPE |
| Content type term |
text |
| Content type code |
txt |
| Source |
rdacontent. |
| 337 ## - MEDIA TYPE |
| Media type term |
unmediated |
| Media type code |
n |
| Source |
rdamedia. |
| 338 ## - CARRIER TYPE |
| Carrier type term |
volume |
| Carrier type code |
nc |
| Source |
rdacarrier. |
| 490 1# - SERIES STATEMENT |
| Series statement |
Crimson moth series ; |
| Volume/sequential designation |
book two. |
| 520 ## - SUMMARY, ETC. |
| Summary, etc. |
A WITCH... Rune Winters is on the run. Ever since the boy she loved, Gideon Sharpe, revealed who she was and delivered her into enemy hands, everyone wants her dead. If Rune hopes to survive, she must ally herself with the cruel and dangerous Cressida Roseblood, who’s planning to take back the Republic and reinstate a Reign of Witches—something Cressida needs Rune to accomplish. A WITCH HUNTER... Apparently it wasn’t enough for Rune to deceive Gideon; she’s now betrayed him by allying herself with the witch who made his life a living hell. Gideon won’t allow the Republic to fall to the witches and be plunged back into the nightmares of the past. In order to protect this new world he fought for, every last witch must die—especially Rune Winters. AN IMPOSSIBLE CHOICE... When Rune makes Gideon an offer he can’t refuse, the two must pair up to accomplish dangerous goals. The more they’re forced into each other’s company, the more Gideon realizes the feelings he had for Rune aren’t as dead and buried as he thought. Now he’s faced with a terrible choice: sacrifice the girl he loves to stop a monster taking back power, or let Rune live and watch the world he fought so hard for burn. |
| 650 #0 - SUBJECT ADDED ENTRY--TOPICAL TERM |
| Topical term or geographic name entry element |
Witches |
| Form subdivision |
Fiction. |
| 650 #0 - SUBJECT ADDED ENTRY--TOPICAL TERM |
| Topical term or geographic name entry element |
Witch hunting |
| Form subdivision |
Fiction. |
| 650 #0 - SUBJECT ADDED ENTRY--TOPICAL TERM |
| Topical term or geographic name entry element |
Vigilantes |
| Form subdivision |
Fiction. |
| 650 #0 - SUBJECT ADDED ENTRY--TOPICAL TERM |
| Topical term or geographic name entry element |
Choice (Psychology) |
| Form subdivision |
Fiction. |
| 650 #0 - SUBJECT ADDED ENTRY--TOPICAL TERM |
| Topical term or geographic name entry element |
Betrayal |
| Form subdivision |
Fiction. |
| 650 #0 - SUBJECT ADDED ENTRY--TOPICAL TERM |
| Topical term or geographic name entry element |
Alliances |
| Form subdivision |
Fiction. |
| 650 #0 - SUBJECT ADDED ENTRY--TOPICAL TERM |
| Topical term or geographic name entry element |
Survival |
| Form subdivision |
Fiction. |
| 650 #0 - SUBJECT ADDED ENTRY--TOPICAL TERM |
| Topical term or geographic name entry element |
Magic |
| Form subdivision |
Fiction. |
| 650 #0 - SUBJECT ADDED ENTRY--TOPICAL TERM |
| Topical term or geographic name entry element |
Fantasy fiction. |
| Source of heading or term |
genre. |
| 650 #0 - SUBJECT ADDED ENTRY--TOPICAL TERM |
| Topical term or geographic name entry element |
Romance fiction. |
| Source of heading or term |
genre. |
| 830 #0 - SERIES ADDED ENTRY--UNIFORM TITLE |
| Uniform title |
Crimson moth ; |
| Volume/sequential designation |
bk. 2. |
| 942 ## - ADDED ENTRY ELEMENTS (KOHA) |
| Source of classification or shelving scheme |
|
| Koha item type |
Books - Fiction |